Statystyki dla KOMU ZOSTAWIAMY NAPIWEK?

Kliknij tutaj aby rozwiązać quiz!

Ogólne statystyki

  • Ten quiz został rozwiązany 32 razy
  • Średni wynik to 3 z 6

Statystyki odpowiedzi

Odpowiedź% Poprawnych
KELNEROWI
100%
BARMANOWI
50%
DOSTAWCY | KURIEROWI
50%
SPRZEDAWCY
27%
SPRZĄTACZCE
19%
KIEROWCY TAKSÓWKI
8%

Rozkład punktacji

Percentyl według liczby udzielonych odpowiedzi

Procent ludzi z każdym wynikiem

Twoja historia wyników

Nie rozwiązałeś tego quizu